| 000 | 00650nam a2200193 4500 | ||
|---|---|---|---|
| 008 | 011119s1994 us engYA | ||
| 020 | _a0070417040 | ||
| 090 |
_aHQ10 _bH73 |
||
| 100 | 1 | _aHolman, Thomas B. | |
| 245 | 1 | 0 |
_aFamilies and intimate relationships / _cThomas B. Holman. |
| 260 |
_aMassachusetts : _bMcGraw-Hill, _cc1994. |
||
| 300 | _av, 129 p. | ||
| 500 | _aAssessment manual and study guide to accompany Bird/Melville | ||
| 650 | 4 | _aMarriage counseling. | |
| 650 | 4 | _aMarriage preparation. | |
| 650 | 4 |
_aMarriage _xHandbooks, manuals, etc. |
|
| 951 |
_p24105 _x00010588 _oHQ10/H73 _j070613111018812 _d2000-12-21 _cREF |
||
| 999 |
_c4913 _d4913 |
||